00655nam a2200241 a 4500001001300000003000900013005001700022008004100039020000800080082001500088100001700103245004300120260003000163300000900193500003500202505001000237650003200247700001700279902000800296942000700304952008700311999001500398nice12345678IN_TiNIC20260116012013.0050524s1933 laha grp 000 0 urd  ac200a235.2bBEN aBenerji, C L aGulhai Assisib Furity of Urdu Tarjuma aLahorebC L Benerjic1933 a382p aincludes index and biblioraphy2 aIndex aSaints-Christianity-St.John1 aBenerji, C L bSRS cBK 00104070aHMIbHMId2007-07-31l0o235.2 BENp8893r2007-07-31w2026-01-16yARB c5240d5240